00445nam a2200121Ia 4500001000400000008004100004082002400045100006400069245012500133260002200258901002800280999001500308359241024s9999 xx 000 0 und d aRD/370.9703/R426f/2 aRepública Dominicana.Secretaria de Estado de Educación. 0aForo Presidencial por la Excelencia de la Educación Dominicana, Síntesis Consulta Regional San Juan de la Maguana 02 bEduprogresoc2007 a4/11/2010 10:36:17 a.m. c9173d9173